00967nam a22002057a 4500003000900000008004100009040007100050082001600121100001700137245006100154260003600215300002800251440002500279440004300304505031300347650001700660650002500677650001500702700004400717AR-CdUCM190305b ||||| |||| 00| 0 spa d aMUNICIPALIDAD PROVINCIAL DEL CUSCOcBIBLIOTECA MUNICIPAL DEL CUSCO a334 /bOL46 aOlsen, H. M. aCooperativas de Agricultores :bPrincipios y practicas / aMéxico D. F. :bUTEHA,c1966. a217 páginas ;c18 cm. aManueles UTEHA.n331 aAgricultura y ganaderia.nsección 20 aContenido: Algunas diferencias de cooperativas de agricultores -- Propósitos de las cooperativas de agricultores -- Principios y prácticas básicas de las cooperativas de agricultores -- Beneficios de las sociedades cooperativas de comercialización o venta -- Tipos de cooperativas de agricultores ... aCooperativas aCrédito agrícola aEconomía aFernandez Cepero, Manuel (traducción)